Physical fitness for college freshmen. (Record no. 35871)
[ view plain ]
| 000 -LEADER | |
|---|---|
| fixed length control field | 00478nam a22001817a 4500 |
| 003 - CONTROL NUMBER IDENTIFIER | |
| control field | OSt |
| 005 - DATE AND TIME OF LATEST TRANSACTION | |
| control field | 20140311134814.0 |
| 008 - FIXED-LENGTH DATA ELEMENTS--GENERAL INFORMATION | |
| fixed length control field | 130128t xxu||||| |||| 00| 0 eng d |
| 020 ## - INTERNATIONAL STANDARD BOOK NUMBER | |
| International Standard Book Number | 9712327043 |
| 050 ## - LIBRARY OF CONGRESS CALL NUMBER | |
| Classification number | GV436 |
| Item number | .Oy98 2000 |
| 082 ## - DEWEY DECIMAL CLASSIFICATION NUMBER | |
| Classification number | FIL 613.7 |
| Item number | Oy1 2000 |
| 245 ## - TITLE STATEMENT | |
| Title | Physical fitness for college freshmen. |
| Statement of responsibility, etc | Oyco, Virginia D. |
| 260 ## - PUBLICATION, DISTRIBUTION, ETC. (IMPRINT) | |
| Place of publication, distribution, etc | Manila |
| Name of publisher, distributor, etc | Rex Book Store |
| Date of publication, distribution, etc | c2000 |
| 300 ## - PHYSICAL DESCRIPTION | |
| Extent | 131 p. |
| Dimensions | 22.2 cm. |
| 942 ## - ADDED ENTRY ELEMENTS (KOHA) | |
| Source of classification or shelving scheme | Library of Congress Classification |
| Koha item type | Books |
| Call number prefix | Filipininana |
| Withdrawn status | Lost status | Source of classification or shelving scheme | Damaged status | Home library | Current library | Shelving location | Date acquired | Total Checkouts | Total Renewals | Full call number | Barcode | Date last seen | Date checked out | Copy number | Price effective from | Koha item type |
|---|---|---|---|---|---|---|---|---|---|---|---|---|---|---|---|---|
| Library of Congress Classification | College Library | College Library | Filipiniana Section | 01/28/2013 | 1 | 4 | GV436 .Oy98 2000 | C0586 | 05/08/2018 | 07/16/2016 | 1 | 01/28/2013 | Books | |||
| Library of Congress Classification | College Library | College Library | Filipiniana Section | 05/11/2013 | 1 | GV436 .Oy98 2000 | C5608 | 05/08/2018 | 07/22/2016 | 2 | 05/11/2013 | Books |